000 00425nam a2200181Ia 4500
003 OSt
005 20260306111809.0
008 250729s2007 xx 000 0 und d
040 _cAL
041 _akan
082 _a001.51 SRIK
100 _aDr.A Srinivasan
_9229901
245 _aComputer shikshana
260 _aMysore
_bSamhitha
_c2007
300 _a160p
650 _aComputer Education
_9229902
942 _2ddc
_cBED
999 _c238513
_d238513